00315nam a2200121Ia 4500008004100000041000800041082001700049100001700066245004500083260002300128300003300151365000900184240624s9999 xx 000 0 und d aeng a658.1599 GIB aGIBBONS GARY aENTREPRENEURIAL FINANCE A GLOBAL PERSPEC c2015aLondonbSage axviii, : 277 : p. : cm. ; 22 cb38